Top 10 Most White U.S. States - Statistics

General Stats
  • This quiz has been taken 83,057 times
    25,621 since last reset
  • The average score is 7 of 10
Answer Stats
% State % Correct
95.2 Maine
86%
88.2 North Dakota
80%
96.0 Vermont
80%
92.1 Montana
78%
93.7 New Hampshire
76%
91.3 Idaho
74%
92.1 Wyoming
71%
89.9 Iowa
59%
94.7 West Virginia
38%
88.5 Kentucky
34%
No matching quizzes found
Score Distribution
Percent of People with Each Score
Percentile by Number Answered
Your Score History
You have not taken this quiz since the last reset